000 00480nam a2200181 a 4500
001 2988
003 CO-ViMGA
008 141112s2004 ck r 000 u spa d
040 _aCO-ViMGA
_bspa
_cCO-ViMGA
082 0 4 _a660 C171
100 1 _aCasabó, Juan
_952236
245 1 0 _aPequeñas industrias prácticas
260 _aBuenos Aires :
_bAlbatros,
_c1992
300 _a230 p : il
650 1 4 _aINDUSTRIA QUIMICA
_952237
650 1 4 _aINDUSTRIAS CASERAS
_952238
942 _2ddc
_cBK
999 _c15051
_d15051